| 000 | 00945nas a2200289 4500 | ||
|---|---|---|---|
| 001 | BR2014004343 | ||
| 003 | BR-BrBNA | ||
| 005 | 20231205124251.0 | ||
| 007 | ta | ||
| 008 | 230509b bl.|||p| |||| 00| 00por d | ||
| 040 |
_aBR-BrBNA _bpor _cBiblioteca Nacional de Agricultura |
||
| 041 | _a(Pt) | ||
| 072 | _aH10 | ||
| 100 | 1 | _aAntigo, M. de R. | |
| 100 | 1 | _aOliveira, H.N. de | |
| 100 | 1 | _aCarvalho, G.A. | |
| 100 | 1 | _aPereira, F.F. | |
| 245 | 1 | _aRepelência de produtos fitossanitários usados na cana-de-açúcar e seus efeitos na emergência de Trichogramma galloi | |
| 650 | _aCANA DE AÇÚCAR | ||
| 650 | _aPRAGA DE PLANTA | ||
| 650 | _aTRICHOGRAMMA SP | ||
| 650 | _aINSETO PARA CONTROLE BIOLÓGICO | ||
| 650 | _aCONTROLE QUÍMICO | ||
| 773 | 0 |
_tRevista Ciência Agronômica (Brazil) _xISSN 0045-6888 _g(Oct-Dec 2013), v. 44(4) p. 910-916 _wBR2014004343 |
|
| 909 |
_a202311 _bLúcia _c55 _dLúcia Elande |
||
| 942 |
_2AGRIS _n0 _cANA |
||
| 999 |
_c238193 _d238193 |
||